Los 15 jugadores con mas valoración en el EA FC25 - Estadísticas

Estadísticas generales
  • Esta prueba ha sido intentada 181 veces
  • La puntuación promedio es 13 de 15
Estadísticas de respuestas
Valoración Equipo Jugador % Correcto
91 Manchester City Erling Haaland
99%
91 Real Madrid Kylian Mbappé
98%
90 Real Madrid Vinicius Junior
98%
89 Liverpool Mohamed Salah
94%
90 Bayern Munich Harry Kane
93%
90 Real Madrid Jude Bellingham
92%
91 Manchester City Rodri
92%
90 Manchester City Kevin De Bruyne
90%
89 Inter de Milán Lautaro Martinez
88%
89 Real Madrid Thibaut Courtois
85%
89 Liverpool Virgil van Dijk
83%
89 Liverpool Alisson
80%
89 Barcelona Marc-André ter Stegen
79%
89 Arsenal Martin Ødegaard
72%
89 PSG Gianluigi Donnarumma
69%
No se encontraron pruebas coincidentes
Distribución de puntuación
Porcentaje de gente con cada puntuación
Porcentaje por número respondido
Historial de tus puntuaciones
No has intentado esta prueba.